Bargaining theory with applications (Record no. 4555)
[ view plain ]
| 000 -LEADER | |
|---|---|
| fixed length control field | 00791nam a2200169 4500 |
| 020 ## - INTERNATIONAL STANDARD BOOK NUMBER | |
| ISBN | 0521576474 |
| 050 ## - CALL NUMBER | |
| Classification number | HD58.6 |
| Item number | .M88 |
| 100 ## - AUTHOR | |
| Personal name | Muthoo, Abhinay |
| 245 ## - TITLE | |
| Title | Bargaining theory with applications |
| 260 ## - PUBLICATION INFORMATION | |
| Place of publication | Cambridge |
| Name of publisher | Cambridge University Press |
| Year of publication | 1999 |
| 300 ## - DESCRIPTION | |
| Number of Pages | xii, 357p. |
| Dimensions | 24cm |
| 500 ## - NOTES | |
| General note | Includes index |
| 505 ## - FORMATTED CONTENTS NOTE | |
| Table of Content | Chapter 1. Preliminaries <br/>Chapter 2. The Nash Bargaining Solution <br/>Chapter 3. The Rubinstein Model <br/>Chapter 4. Risk of Breakdown<br/>Chapter 5. Outside Options<br/>Chapter 6. Inside Options<br/>Chapter 7. Procedures <br/>Chapter 8. Commitment Tactics<br/>Chapter 9. Asymmetric Information <br/>Chapter 10. Repeated Bargaining Situations<br/>Chapter 11. Envol<br/>References <br/>Index |
| 650 ## - SUBJECTS | |
| Topical Term | Bargaining - Theory |
| 650 ## - SUBJECTS | |
| Topical Term | Negotiation in Business |
| 942 ## - ADDED ENTRY ELEMENTS (KOHA) | |
| Koha item type | Books |
| Withdrawn status | Lost status | Collection code | Home library | Current library | Shelving location | Date acquired | Full call number | Accession Number | Koha item type |
|---|---|---|---|---|---|---|---|---|---|
| Reference | Methodist University Library Main | Methodist University Library Main | General Stacks | 27/11/2000 | HD58.6 .M88 | 27464 | Books |